Statystyki dla Warszawska Szybka Kolej Miejska - linia S4 (przystanki)

Kliknij tutaj aby rozwiązać quiz!

Ogólne statystyki

  • Ten quiz został rozwiązany 17 razy
  • Średni wynik to 19 z 27

Statystyki odpowiedzi

Numer przystankuPrzystanek% Poprawnych
18.Warszawa Zachodnia (peron 9)
93%
6.Legionowo
79%
13.Warszawa Gdańska
79%
11.Warszawa Praga
79%
20.Warszawa Rakowiec
79%
12.Warszawa ZOO
79%
21.Warszawa Żwirki i Wigury
79%
1.Zegrze Południowe
79%
5.Legionowo Piaski
71%
27.Piaseczno
71%
19.Warszawa Aleje Jerozolimskie
71%
15.Warszawa Koło
71%
16.Warszawa Młynów
71%
14.Warszawa Powązki
71%
22.Warszawa Służewiec
71%
10.Warszawa Toruńska
71%
17.Warszawa Wola
71%
9.Warszawa Żerań
71%
7.Warszawa Choszczówka
64%
24.Warszawa Dawidy
64%
23.Warszawa Okęcie
64%
8.Warszawa Płudy
64%
4.Michałów Reginów
57%
25.Warszawa Jeziorki
57%
26.Nowa Iwiczna
50%
3.Wieliszew
50%
2.Wieliszew Centrum
50%

Rozkład punktacji

Percentyl według liczby udzielonych odpowiedzi

Procent ludzi z każdym wynikiem

Twoja historia wyników

Nie rozwiązałeś tego quizu